Electronics Letters

Uložené v:
Podrobná bibliografia
Médium: Seriál
Vydavateľské údaje: 1992
Tagy: Pridať tag
Žiadne tagy, Buďte prvý, kto otaguje tento záznam!

MARC

LEADER 00000nas a22000003a 4500
001 stu66064
005 20141122002936.8
008 011106s1992----------------------------d
040 |a STU  |b slo 
041 0
245 |a Electronics Letters 
260 |c 1992 
500 |a 1-25 
500 |a 25 
500 |a 1992 
773 0 |t Electronics Letters  |w stu_us_cat*stu59658  |x 0013-5194  |7 nnas 
996 |d Vol. 28, 1992  |v Vol. 28  |y 1992  |l EE0103  |s A  |a 24  |w stu66064_0001